[Event "Mistrzostwa Polski Juniorow do lat 18 - Dziewczeta"]
[Site "Ustron – Jaszowiec"]
[Date "1899-12-30"]
[Round "5.7"]
[White "Trybowska, Barbara"]
[Black "Karykowska, Anna"]
[Result "1/2-1/2"]
[WhiteTitle "I"]
[BlackTitle "I++"]
[WhiteElo "1517"]
[BlackElo "1830"]

1. e4 c5 2. Nf3 e6 3. d4 cxd4 4. Nxd4 Nc6 5. Nc3 a6 6. Nxc6 bxc6 7. Be3 d5 8. Be2
Nf6 9. Bf3 Rb8 10. Rb1 Bb4 11. Bd2 O-O 12. Qe2 Qa5 13. Ra1 d4 14. Nd1 Bxd2+ 15.
Qxd2 Qxd2+ 16. Kxd2 e5 17. b3 a5 18. Nb2 Ba6 19. Nd3 Bxd3 20. cxd3 a4 21. Rhc1
axb3 22. Rxc6 Ra8 23. Rb6 bxa2 24. Rb2 Rfb8 25. Raxa2 Rxb2+ 26. Rxb2 Ne8 27. Bd1
Kf8 28. Rb7 Ra2+ 29. Bc2 Nd6 30. Rb6 Ke7 31. Kc1 Ra1+ 32. Bb1 Ra5 33. Bc2 Ra1+
34. Bb1 Ra5 35. Bc2 Ra1+ 36. Bb1 1/2-1/2

[Event "Mistrzostwa Polski Juniorow do lat 18 - Dziewczeta"]
[Site "Ustron – Jaszowiec"]
[Date "1899-12-30"]
[Round "5.8"]
[White "Stebel, Agata"]
[Black "Winter, Anna"]
[Result "1/2-1/2"]
[WhiteTitle "k"]
[BlackTitle "I+"]
[WhiteElo "1795"]
[BlackElo "1503"]

1. e4 d5 2. exd5 Qxd5 3. Nc3 Qd6 4. d4 c6 5. Nf3 Nf6 6. Bc4 Bg4 7. Be3 e6 8. h3
Bh5 9. g4 Bg6 10. Qe2 Nbd7 11. O-O-O O-O-O 12. Ne5 Qc7 13. f4 Bb4 14. f5 exf5
15. gxf5 Bh5 16. Ng4 Bxc3 17. bxc3 Qa5 18. Bd2 Qxf5 19. Rhf1 Qa5 20. Bb3 Nb6 21.
Kb1 Qa3 22. Bc1 Qa5 23. Qf3 Rhf8 24. c4 Nbd7 25. Bb2 Nxg4 26. hxg4 Bg6 27. d5
Nb8 28. Bxg7 Rg8 29. Bf6 Rd7 30. g5 Re8 31. Qg3 Qc7 32. Qf2 Qb6 33. c5 Qb4 34.
d6 a5 35. Qd4 Na6 36. Qxb4 axb4 37. Rfe1 Rxe1 38. Rxe1 Kb8 39. Bd4 Ka7 40. Kc1
Kb8 41. Bc4 Kc8 42. Bf1 Bf5 43. Re5 Be6 44. Kb2 Rd8 45. Bd3 Kd7 46. Bxh7 Ra8 47.
Bf5 Re8 48. Bd3 Ra8 49. Bf5 Re8 50. Bxe6+ Rxe6 51. Rf5 Ke8 52. d7+ Kxd7 53. Rxf7+
Re7 54. Rxe7+ Kxe7 55. g6 Nc7 56. Kb3 Nd5 57. Ka4 Ke8 58. Kb3 Ke7 59. Kc4 Kf8
60. g7+ Kf7 61. Kd3 Nf4+ 62. Ke4 Ne6 63. Ke5 Nxg7 64. Bf2 Ke7 65. Be1 Kd7 66.
Kf6 Ne6 67. Bxb4 Nd4 68. c3 Nb5 69. Ba5 Na3 70. Bb4 Nb5 71. c4 Nd4 72. Bd2 Ne6
73. Be3 Nc7 74. Bd4 1/2-1/2

[Event "Mistrzostwa Polski Juniorow do lat 18 - Dziewczeta"]
[Site "Ustron – Jaszowiec"]
[Date "1899-12-30"]
[Round "5.9"]
[White "Kozubal, Aleksandra"]
[Black "Jakubowska, Urszula"]
[Result "1-0"]
[WhiteTitle "I++"]
[BlackTitle "I"]
[WhiteElo "1747"]
[BlackElo "1412"]

1. d4 f5 2. e4 d6 3. Nc3 a6 4. Bd3 e6 5. Nge2 g6 6. Be3 Bg7 7. Qd2 b5 8. a3 Bb7
9. f3 Nd7 10. Nf4 Qe7 11. d5 Nf8 12. dxe6 Nxe6 13. Ncd5 Bxd5 14. Nxd5 Qf7 15.
exf5 gxf5 16. O-O-O Nc5 17. Bxc5 Qxd5 18. Bxb5+ 1-0

[Event "Mistrzostwa Polski Juniorow do lat 18 - Dziewczeta"]
[Site "Ustron – Jaszowiec"]
[Date "1899-12-30"]
[Round "5.10"]
[White "Pedrak, Paulina"]
[Black "Wojcik, Jagoda"]
[Result "0-1"]
[WhiteTitle "I"]
[BlackTitle "I+"]
[WhiteElo "1466"]
[BlackElo "1719"]

1. e4 c5 2. Nf3 e6 3. d4 cxd4 4. Nxd4 Nc6 5. Be3 Nf6 6. Bd3 d5 7. exd5 Nxd5 8.
Nxc6 bxc6 9. Bd2 Bd6 10. Qg4 O-O 11. Qh3 f5 12. Bc4 Rb8 13. Bb3 a5 14. c4 Nf6
15. Nc3 Kh8 16. Qe3 c5 17. Nb5 Bb7 18. Nxd6 Qxd6 19. f3 e5 20. Bxa5 e4 21. f4
Ng4 22. Qd2 Qg6 23. Bc7 Rbc8 24. Qd6 Qxd6 25. Bxd6 Rfd8 26. O-O-O Nf2 27. Rhf1
Nxd1 28. Rxd1 Rc6 29. Be7 Rxd1+ 30. Kxd1 Kg8 31. Ba4 Rc7 32. Bd6 Rc8 33. Ke2 Bc6
34. Bc2 Bd7 35. a3 Be6 36. b3 Rc6 37. Be5 Kf7 38. Ke3 Bc8 39. b4 cxb4 40. axb4
Rb6 41. b5 Be6 42. Bb3 Rb7 43. Bd4 Rb8 44. Kd2 g5 45. Kc3 Rd8 46. g3 gxf4 47.
gxf4 Ke7 48. b6 Bd7 49. Kb4 Bc6 50. Bf2 Rd3 51. Bh4+ Kd7 52. c5 e3 53. Bc4 Rd4
54. Kc3 Rxf4 55. Bg3 Rg4 56. Bd3 Ke6 57. Be2 Ra4 58. Bc4+ Kf6 59. Bf4 e2 60. Bxe2
Rxf4 61. Bb5 Rf3+ 62. Kb2 Rf2+ 63. Kc3 Be4 64. Bd3 Rf3 65. Kb4 Rxd3 66. Kb5 Rb3+
67. Kc4 Rb1 0-1

[Event "Mistrzostwa Polski Juniorow do lat 18 - Dziewczeta"]
[Site "Ustron – Jaszowiec"]
[Date "1899-12-30"]
[Round "5.11"]
[White "Przepiora, Anna"]
[Black "Ciesinska, Weronika"]
[Result "1/2-1/2"]
[WhiteTitle "II+"]
[BlackTitle "I"]
[WhiteElo "1354"]
[BlackElo "1676"]

1. e4 c5 2. Nf3 d6 3. d4 cxd4 4. Nxd4 Nf6 5. Nc3 g6 6. Be3 Bg7 7. f3 O-O 8. Qd2
Nc6 9. Bc4 Bd7 10. O-O-O Ne5 11. Bb3 Rc8 12. h4 h5 13. Bh6 Kh7 14. Bxg7 Kxg7 15.
Nd5 Nxd5 16. exd5 b5 17. g4 hxg4 18. h5 Rh8 19. hxg6 Nxg6 20. fxg4 Bxg4 21. Rdg1
Qd7 22. Nc6 Bf5 23. Qe3 a6 24. Nxe7 Rxh1 25. Nxf5+ Qxf5 26. Rxh1 Qf4 27. Kd2 Re8
28. Qxf4 Nxf4 29. Re1 Rxe1 30. Kxe1 Kf6 31. c4 Nd3+ 32. Kd2 Nxb2 33. cxb5 axb5
34. Kc3 Na4+ 35. Kb4 Ke5 36. Kxb5 Nc3+ 37. Kc6 f5 38. a4 f4 39. a5 f3 40. Bc4
Kd4 41. a6 Kxc4 42. a7 f2 43. a8=Q Ne4 44. Qa3 Kd4 45. Qf3 Ke5 46. Qf8 Kd4 47.
Qf3 Ke5 48. Qd3 Kf4 49. Kc7 Ke5 50. Kd8 Kf4 51. Ke7 Ng3 52. Kxd6 f1=Q 53. Qxf1+
Nxf1 54. Kc7 Nd2 55. d6 Nf3 56. d7 Ng5 1/2-1/2

[Event "Mistrzostwa Polski Juniorow do lat 18 - Dziewczeta"]
[Site "Ustron – Jaszowiec"]
[Date "1899-12-30"]
[Round "5.12"]
[White "Daliga, Anita"]
[Black "Wierzbowska, Aleksandra"]
[Result "1-0"]
[WhiteTitle "I+"]
[BlackTitle "I"]
[WhiteElo "1543"]
[BlackElo "1573"]

1. e4 c5 2. c3 Nf6 3. e5 Nd5 4. d4 cxd4 5. cxd4 e6 6. Nf3 Nc6 7. Nc3 Bb4 8. Bd2
Nce7 9. Bd3 O-O 10. Bxh7+ Kh8 11. Bd3 g6 12. a3 Ba5 13. Ne4 Nf4 14. Bf1 Qb6 15.
b4 Qc6 16. Nf6 Ned5 17. Nxd5 Qxd5 18. Bxf4 Qe4+ 19. Be3 Bd8 20. Qd3 Qg4 21. h3
Qh5 22. Be2 Qh7 23. Bg5 f5 24. Bxd8 Rxd8 25. Ng5 Qe7 26. Qe3 Rf8 27. f4 1-0

[Event "Mistrzostwa Polski Juniorow do lat 18 - Dziewczeta"]
[Site "Ustron – Jaszowiec"]
[Date "1899-12-30"]
[Round "5.13"]
[White "Tkaczyk, Weronika"]
[Black "Stochnialek, Dominika"]
[Result "1-0"]
[WhiteTitle "I"]
[BlackTitle "I"]
[WhiteElo "1565"]
[BlackElo "1499"]

1. e4 c5 2. Nf3 d6 3. d4 cxd4 4. Nxd4 Nf6 5. Nc3 g6 6. Be3 Bg7 7. f3 O-O 8. Qd2
Nc6 9. O-O-O d5 10. Qe1 e5 11. Nxc6 bxc6 12. exd5 Nxd5 13. Bc4 Be6 14. Ne4 Qc8
15. Ng5 Nxe3 16. Bxe6 Nxg2 17. Qg3 fxe6 18. Qxg2 Qa6 19. Qh3 Rf6 20. Qxh7+ Kf8
21. Rd7 1-0

[Event "Mistrzostwa Polski Juniorow do lat 18 - Dziewczeta"]
[Site "Ustron – Jaszowiec"]
[Date "1899-12-30"]
[Round "5.14"]
[White "Godek, Martyna"]
[Black "Posuniak, Weronika"]
[Result "0-1"]
[WhiteTitle "I"]
[BlackTitle "I++"]
[WhiteElo "1654"]
[BlackElo "1803"]

1. e4 c6 2. d4 d5 3. exd5 cxd5 4. h3 Nc6 5. Nf3 Nf6 6. Be3 Qb6 7. Qc1 Bf5 8. c3
Rc8 9. Nh4 Be4 10. f3 Bg6 11. Nxg6 hxg6 12. Qd2 e6 13. Bd3 Bd6 14. O-O Bb8 15.
f4 Qc7 16. Na3 a6 17. Rf3 g5 18. Raf1 g4 19. Rg3 gxh3 20. Rxh3 Rxh3 21. gxh3 Ke7
22. Nc2 Rh8 23. Qg2 Qb6 24. Ne1 e5 25. fxe5 Nxe5 26. Bg5 Ned7 27. Rf2 Kf8 28.
Qf3 Qe6 29. Re2 Qxh3 30. Bf5 Qxf3 31. Nxf3 Bd6 32. Bxf6 Nxf6 33. Bc8 b6 34. Bxa6
g6 35. a3 Kg7 36. Bb5 Rh5 37. Rg2 Ne4 38. Bd3 f5 39. Ba6 Bf4 40. Bb7 Rh3 41. Ne5
Be3+ 42. Kf1 Ng3+ 43. Rxg3 Rxg3 44. Bxd5 Bc1 45. Kf2 f4 46. Be4 g5 47. Nd3 Be3+
48. Ke2 Rh3 49. Bf5 Rh8 50. a4 Kf6 51. Bg4 Rh2+ 52. Kf3 Rc2 53. Ke4 Bc1 54. Nxc1
Rxc1 55. Kd3 Rb1 56. b4 Ra1 57. Bd7 Ke7 58. Bc6 g4 59. Ke4 f3 60. Kf4 f2 0-1

[Event "Mistrzostwa Polski Juniorow do lat 18 - Dziewczeta"]
[Site "Ustron – Jaszowiec"]
[Date "1899-12-30"]
[Round "5.15"]
[White "Walkowiak, Bogumila"]
[Black "Knapik, Julia"]
[Result "1/2-1/2"]
[WhiteTitle "II+"]
[BlackTitle "I+"]
[WhiteElo "1345"]
[BlackElo "1658"]

1. e4 c5 2. Nf3 d6 3. d4 cxd4 4. Nxd4 Nf6 5. Nc3 g6 6. Be2 Bg7 7. Be3 O-O 8. O-O
Nc6 9. Qd2 d5 10. exd5 Nxd5 11. Nxd5 Nxd4 12. c4 Nxe2+ 13. Qxe2 e6 14. Nf4 Qc7
15. Rac1 b6 16. Nd3 Rd8 17. Bf4 Qe7 18. Rfd1 Bb7 19. b3 h5 20. f3 Qa3 21. Bg5
Rd7 22. Nf2 Rc7 23. Rc2 Rac8 24. Rcd2 Kh7 25. Ne4 Bxe4 26. Qxe4 b5 27. cxb5 Qc5+
28. Be3 Qxb5 29. Bd4 Bh6 30. Be3 Bg7 31. Bd4 Rd7 32. Qe3 Bh6 33. f4 Qf5 34. g3
a6 35. Qe5 Qg4 36. Kf2 Rcd8 37. Bc3 Rxd2+ 38. Rxd2 Rxd2+ 39. Bxd2 Bg7 40. Qe2
Qf5 41. Qxa6 Qc2 42. Ke1 Qe4+ 43. Qe2 Qb1+ 44. Kf2 Qxa2 45. b4 Qd5 46. b5 e5 47.
fxe5 Bxe5 48. b6 Qd6 49. Be3 h4 50. Qf3 hxg3+ 51. hxg3 Kg7 52. b7 Qc7 53. Bf4
Qc2+ 54. Kf1 Qb1+ 55. Kg2 Qa2+ 56. Kh3 Bxf4 57. gxf4 Qe6+ 58. Kg3 Qb6 59. Qc3+
f6 60. Qf3 Qg1+ 61. Qg2 Qe3+ 62. Qf3 Qg1+ 63. Kh3 Qb6 64. Kg3 Qg1+ 1/2-1/2

[Event "Mistrzostwa Polski Juniorow do lat 18 - Dziewczeta"]
[Site "Ustron – Jaszowiec"]
[Date "1899-12-30"]
[Round "5.16"]
[White "Kalinowska, Karolina"]
[Black "Borkowska, Zuzanna"]
[Result "1-0"]
[WhiteTitle "I"]
[BlackTitle "I"]
[WhiteElo "1525"]
[BlackElo "1547"]

1. e4 c5 2. Nf3 Nc6 3. d4 cxd4 4. Nxd4 g6 5. Nc3 Bg7 6. Be3 Nf6 7. Bc4 O-O 8. Bb3
d6 9. h3 a5 10. O-O a4 11. Nxa4 Nxe4 12. Nb5 Na5 13. Bb6 Qd7 14. Nc7 Nxb3 15.
axb3 Rb8 16. Qe2 Ng5 17. Nd5 Qe6 18. Nxe7+ Kh8 19. Qxe6 Bxe6 20. Rad1 Rfe8 21.
Nd5 Bf5 22. Ne3 Bd7 23. Rxd6 Bxa4 24. bxa4 Bxb2 25. Rd7 Kg8 26. Rb1 Bc3 27. Nd5
Bg7 28. Ba7 Ra8 29. Rbxb7 Re1+ 30. Kh2 Rae8 31. Re7 Be5+ 32. g3 Rd8 33. c4 Ra1
34. Be3 Nf3+ 35. Kg2 Ne1+ 36. Kf1 Nc2+ 37. Ke2 Nxe3 38. Kxe3 Bd6 39. Nf6+ Kh8
40. Rxf7 Bc5+ 41. Kf3 Ra3+ 42. Kg2 1-0

[Event "Mistrzostwa Polski Juniorow do lat 18 - Dziewczeta"]
[Site "Ustron – Jaszowiec"]
[Date "1899-12-30"]
[Round "5.17"]
[White "Hampel, Anna"]
[Black "Ziziuk, Martyna"]
[Result "0-1"]
[WhiteTitle "I+"]
[BlackTitle "I"]
[WhiteElo "1630"]
[BlackElo "1529"]

1. e4 c5 2. Nf3 Nc6 3. d4 cxd4 4. Nxd4 e6 5. Nc3 a6 6. Nxc6 bxc6 7. Bd3 d5 8. O-O
d4 9. Ne2 Ne7 10. f4 Ng6 11. Kh1 Be7 12. c3 dxc3 13. Nxc3 O-O 14. Qc2 Bb7 15.
b3 Bd6 16. e5 Bc5 17. Ne2 Bb6 18. Bb2 c5 19. Ng3 Qh4 20. Ne4 Qg4 21. Rf3 Rad8
22. Rg3 Qh4 23. Nd6 Ba8 24. Rf1 Bc7 0-1

[Event "Mistrzostwa Polski Juniorow do lat 18 - Dziewczeta"]
[Site "Ustron – Jaszowiec"]
[Date "1899-12-30"]
[Round "6.1"]
[White "Kiolbasa, Oliwia"]
[Black "Antolak, Julia"]
[Result "1/2-1/2"]
[WhiteTitle "WIM"]
[BlackTitle "WFM"]
[WhiteElo "2204"]
[BlackElo "2102"]

1. e4 c5 2. Nf3 Nc6 3. d4 cxd4 4. Nxd4 g6 5. Nc3 Bg7 6. Be3 Nf6 7. Bc4 O-O 8. Bb3
d6 9. h3 Na5 10. O-O b6 11. Bd5 Ba6 12. Bxa8 Bxf1 13. Nc6 Nxc6 14. Bxc6 Bc4 15.
Qd4 Be6 16. Qa4 Bd7 17. Rd1 Bxc6 18. Qxc6 Qd7 19. Qxd7 Nxd7 20. Nd5 Re8 21. Bd4
Nc5 22. Bxg7 Kxg7 23. Re1 e6 24. Nc7 Re7 25. Nb5 Rd7 26. Kf1 a6 27. Nd4 Rc7 28.
Re2 Kf6 29. Nb3 Nxb3 30. axb3 e5 31. Rd2 Ke6 32. g4 Rd7 33. Rd1 Rc7 34. Rd2 Rd7
35. Rd1 Rc7 36. Rd2 Rd7 37. Rd1 1/2-1/2

[Event "Mistrzostwa Polski Juniorow do lat 18 - Dziewczeta"]
[Site "Ustron – Jaszowiec"]
[Date "1899-12-30"]
[Round "6.2"]
[White "Murawko, Julia"]
[Black "Dwilewicz, Katarzyna"]
[Result "1-0"]
[WhiteTitle "I++"]
[BlackTitle "k"]
[WhiteElo "1733"]
[BlackElo "1933"]

1. Nf3 Nf6 2. c4 c6 3. b3 e6 4. Bb2 Be7 5. g3 O-O 6. Bg2 d5 7. O-O Nbd7 8. d3 b6
9. Nbd2 Bb7 10. Rc1 a5 11. a3 Rc8 12. Rc2 Re8 13. Qa1 Bf8 14. Rfc1 Qe7 15. d4
Ne4 16. Nxe4 dxe4 17. Ne5 f5 18. Nxd7 Qxd7 19. Rd1 Qf7 20. e3 g5 21. f3 exf3 22.
Bxf3 Bd6 23. Rf1 Qg6 24. Rcf2 Rf8 25. Qb1 Rc7 26. Qd3 Rd7 27. Qc2 Bb8 28. Bh1
h5 29. Qb1 Kh7 30. Qc2 Rdf7 31. Qc3 Rg8 32. e4 f4 33. e5 Rgf8 34. Qe1 Kh6 35.
Be4 Qg8 36. Qd2 fxg3 37. hxg3 Qg7 38. Rxf7 Rxf7 39. Rxf7 Qxf7 40. Qf2 Qxf2+ 41.
Kxf2 Bc7 42. Bc1 Bd8 43. Ke2 Be7 44. Kd3 Kg7 45. Kc3 g4 46. b4 h4 47. gxh4 Bxh4
48. b5 Bf2 49. bxc6 Bc8 50. Bg5 g3 51. Bd8 Kf7 52. Bxb6 Ke7 53. Kd3 a4 54. Ba5
Ba6 55. Bd2 Kd8 56. Bg2 Kc7 57. Kc3 Bc8 58. d5 exd5 59. cxd5 Bf5 60. d6+ Kc8 61.
Kb4 Bd4 62. Bc3 Bb6 63. Kxa4 Bc5 64. Kb3 Be6+ 65. Kb2 Kb8 66. a4 Bc4 67. c7+ 1-0

[Event "Mistrzostwa Polski Juniorow do lat 18 - Dziewczeta"]
[Site "Ustron – Jaszowiec"]
[Date "1899-12-30"]
[Round "6.3"]
[White "Parol, Pola"]
[Black "Kubicka, Anna"]
[Result "0-1"]
[WhiteTitle "k+"]
[BlackTitle "m"]
[WhiteElo "1960"]
[BlackElo "2211"]

1. e4 c5 2. Nf3 d6 3. d4 Nf6 4. Nc3 cxd4 5. Nxd4 e5 6. Nb3 Be6 7. Bg5 Be7 8. Bxf6
Bxf6 9. Qd3 a6 10. O-O-O Be7 11. g3 O-O 12. Kb1 b5 13. f4 Nd7 14. f5 Bc4 15. Qf3
Nb6 16. Nd5 Bxd5 17. exd5 Qc7 18. Bd3 Bf6 19. Nd2 Rfc8 20. g4 b4 21. h4 e4 22.
Nxe4 Be5 23. f6 Na4 24. fxg7 Bxb2 25. Qf5 Bxg7 26. Rdf1 Nc3+ 27. Kc1 Nxa2+ 28.
Kd1 b3 29. cxb3 Re8 30. Qxf7+ Qxf7 31. Rxf7 Kxf7 32. Nxd6+ Kg8 33. Nxe8 Rxe8 34.
Bxa6 Nc3+ 35. Kc2 Rd8 36. Bc4 Kf8 37. Rf1+ Ke7 38. Rf5 Ne4 39. g5 Nd6 40. Rf1
Rc8 41. Kd3 Ra8 42. h5 Nf7 43. Rf5 Ne5+ 44. Ke4 Nf7 45. Kd3 Ra1 46. g6 Ne5+ 47.
Ke3 h6 48. Kf4 Kd6 49. Kg3 Rh1 50. Kg2 Rh4 51. Kg3 Rg4+ 52. Kh3 Rg1 53. Kh2 Rd1
54. Kg3 Rh1 55. Kg2 Re1 56. Kg3 Re3+ 57. Kg2 Rc3 58. Rf1 Ng4 59. Rf7 Rc2+ 60.
Kg3 Nf6 61. Kh4 Rh2+ 62. Kg3 Rd2 63. Kh4 Rd4+ 64. Kh3 Nxh5 65. Ra7 Ke5 66. Re7+
Kf5 67. Be2 Nf4+ 68. Kh2 Kxg6 69. Bf3 Bf6 70. Re4 Rd2+ 71. Kg3 Nd3 72. Re2 Be5+
73. Kh4 Bf6+ 74. Kg3 Rxe2 75. Bxe2 Ne5 76. Kf4 Nd7 77. Kg3 h5 78. b4 Kg5 79. b5
h4+ 80. Kh3 Ne5 81. b6 Bd8 82. b7 Bc7 83. Kg2 Ng6 84. Bc4 Nf4+ 85. Kh1 Kg4 86.
Kg1 Kg3 87. Bb5 h3 88. d6 h2+ 89. Kh1 Nh3 0-1

[Event "Mistrzostwa Polski Juniorow do lat 18 - Dziewczeta"]
[Site "Ustron – Jaszowiec"]
[Date "1899-12-30"]
[Round "6.4"]
[White "Pluta, Natalia"]
[Black "Dmochowska, Agnieszka"]
[Result "0-1"]
[WhiteTitle "I++"]
[BlackTitle "WCM"]
[WhiteElo "1811"]
[BlackElo "2133"]

1. d4 Nf6 2. c4 e6 3. Nf3 b6 4. Nc3 Bb7 5. Bg5 Bb4 6. e3 O-O 7. Be2 c5 8. O-O cxd4
9. exd4 Bxc3 10. bxc3 Nc6 11. Ne5 h6 12. Bxf6 gxf6 13. Nd3 Ne7 14. Nf4 Ng6 15.
Nh5 f5 16. f4 Rc8 17. d5 f6 18. Bd3 Kf7 19. Rf3 Rg8 20. Re3 Qc7 21. Qf1 Qc5 22.
Rae1 b5 23. Qf2 Rce8 24. dxe6+ dxe6 25. R3e2 Qxf2+ 26. Kxf2 Nh4 27. g3 Nf3 28.
Rb1 Nxh2 29. Ke3 Ng4+ 30. Kd2 Bf3 31. cxb5 Bxe2 32. Bxe2 Rd8+ 33. Kc2 Rd6 34.
c4 Rgd8 35. Kb3 0-1

[Event "Mistrzostwa Polski Juniorow do lat 18 - Dziewczeta"]
[Site "Ustron – Jaszowiec"]
[Date "1899-12-30"]
[Round "6.5"]
[White "Cieslak, Wiktoria"]
[Black "Marczuk, Anna"]
[Result "1-0"]
[WhiteTitle "k++"]
[BlackTitle "k"]
[WhiteElo "1957"]
[BlackElo "2001"]

1. e4 c6 2. d4 d5 3. Nc3 dxe4 4. Nxe4 Nf6 5. Nxf6+ gxf6 6. Bc4 Bf5 7. c3 e6 8.
h4 h5 9. Nh3 Bg4 10. f3 Bxh3 11. Rxh3 Nd7 12. Bf4 Nb6 13. Bb3 Nd5 14. Bd2 Qd6
15. g3 O-O-O 16. Qe2 Bh6 17. f4 f5 18. O-O-O Nf6 19. Kb1 Rhg8 20. Be1 Rg4 21.
Rd3 Bg7 22. Qe3 Rg6 23. Qf3 Ng4 24. Rh1 Bf6 25. Bd2 Kb8 26. Rd1 Be7 27. Be1 Nf6
28. a3 Rg4 29. c4 Ne4 30. Bc2 Qc7 31. Rb3 Nd6 32. Bd3 Bf6 33. c5 Nb5 34. Bxb5
cxb5 35. Rxb5 Rxd4 36. Rxd4 Bxd4 37. Ba5 b6 38. Bxb6 axb6 39. Rxb6+ Ka7 40. Qd3
Qxb6 41. cxb6+ Bxb6 42. Qd7+ Ka6 43. Qxf7 Rxg3 44. Qxe6 Rg1+ 45. Kc2 Rh1 46. Qe2+
Ka7 47. Qxh5 Rh2+ 48. Kc3 1-0

[Event "Mistrzostwa Polski Juniorow do lat 18 - Dziewczeta"]
[Site "Ustron – Jaszowiec"]
[Date "1899-12-30"]
[Round "6.6"]
[White "Wojcik, Jagoda"]
[Black "Kozubal, Aleksandra"]
[Result "1-0"]
[WhiteTitle "I+"]
[BlackTitle "I++"]
[WhiteElo "1719"]
[BlackElo "1747"]

1. e4 e5 2. Nf3 Nc6 3. Nc3 Nf6 4. d4 exd4 5. Nxd4 Bb4 6. Nxc6 bxc6 7. Bd3 d5 8.
exd5 Qe7+ 9. Qe2 Qxe2+ 10. Bxe2 cxd5 11. O-O c6 12. Bf4 O-O 13. a3 Ba5 14. b4
Bb6 15. Rad1 Bf5 16. Rd2 Rfe8 17. Ba6 Re6 18. a4 Ne4 19. Nxe4 Rxe4 20. Bd6 Rd8
21. Bd3 Rd4 22. Be5 Bxd3 23. Bxd4 Bxf1 24. Bxb6 axb6 25. Kxf1 Ra8 26. c4 dxc4
27. Rd6 Rc8 28. a5 b5 29. Ke2 Kf8 30. Rd7 Ke8 31. Rb7 Ra8 32. Rc7 Ra6 33. Kd2
g6 34. Kc3 h6 35. f4 Kf8 36. g3 Kg7 37. Rb7 Ra8 38. Rb6 Rc8 39. a6 h5 40. Kb2
Rc7 41. Rb7 Rc8 42. a7 Ra8 43. Rc7 Kf8 44. Rb7 Kg7 45. Rc7 Kf8 46. h3 Kg7 47.
g4 h4 48. g5 Kf8 49. Rd7 Kg8 50. Rb7 Kg7 51. Kc3 Re8 52. Rb8 Re3+ 53. Kc2 Rxh3
54. a8=Q Rh2+ 55. Kd1 1-0

[Event "Mistrzostwa Polski Juniorow do lat 18 - Dziewczeta"]
[Site "Ustron – Jaszowiec"]
[Date "1899-12-30"]
[Round "6.7"]
[White "Jurkiewicz, Zuzanna"]
[Black "Stebel, Agata"]
[Result "1/2-1/2"]
[WhiteTitle "I+"]
[BlackTitle "k"]
[WhiteElo "1603"]
[BlackElo "1795"]

1. d4 d5 2. c4 e6 3. Nc3 c5 4. cxd5 exd5 5. Nf3 Nc6 6. g3 Nf6 7. Bg2 Be7 8. O-O
O-O 9. dxc5 Bxc5 10. b3 h6 11. Bb2 Be6 12. e3 Qd7 13. Rc1 Be7 14. Ne2 Rfd8 15.
Nf4 Bg4 16. h3 Bf5 17. Kh2 Rac8 18. Nd3 Ne4 19. Qe2 Bf6 20. Bxf6 Nxf6 21. Nc5
Qe7 22. Nd3 d4 23. Nf4 d3 24. Qb2 g5 25. Nxd3 Bxd3 26. Rfd1 Be4 27. a3 Rxd1 28.
Rxd1 Rd8 29. Rc1 Rd3 30. Ne1 Rd6 31. Nf3 Qe6 32. b4 Kg7 33. b5 Ne7 34. Nd4 Qd5
35. f3 Bg6 36. Rd1 Qe5 37. Nf5+ Qxf5 38. Rxd6 Neg8 39. e4 Qc8 40. e5 Ne8 41. e6+
Ngf6 42. Rd7 Kg8 43. Qd4 fxe6 44. Rd8 Qc7 45. Qxf6 Kh7 46. Rxe8 Bxe8 47. Qxe6
Bg6 48. Qb3 Qd6 49. Qe3 Qd5 50. a4 b6 1/2-1/2

[Event "Mistrzostwa Polski Juniorow do lat 18 - Dziewczeta"]
[Site "Ustron – Jaszowiec"]
[Date "1899-12-30"]
[Round "6.8"]
[White "Karykowska, Anna"]
[Black "Winter, Anna"]
[Result "1-0"]
[WhiteTitle "I++"]
[BlackTitle "I+"]
[WhiteElo "1830"]
[BlackElo "1503"]

1. e4 d5 2. exd5 Qxd5 3. Nc3 Qd6 4. d4 c6 5. Bc4 Nf6 6. Nge2 Bf5 7. Bf4 Qd8 8.
Ng3 Bg6 9. h4 h6 10. h5 Bh7 11. d5 cxd5 12. Nxd5 Nxd5 13. Bxd5 Nc6 14. O-O e6
15. Bxc6+ bxc6 16. Qg4 Qf6 17. Rfe1 Rd8 18. Be5 Qg5 19. Qa4 Be7 20. Qxc6+ Kf8
21. Rad1 Bf6 22. Rxd8+ Bxd8 23. Bd6+ 1-0

[Event "Mistrzostwa Polski Juniorow do lat 18 - Dziewczeta"]
[Site "Ustron – Jaszowiec"]
[Date "1899-12-30"]
[Round "6.9"]
[White "Ciesinska, Weronika"]
[Black "Trybowska, Barbara"]
[Result "1/2-1/2"]
[WhiteTitle "I"]
[BlackTitle "I"]
[WhiteElo "1676"]
[BlackElo "1517"]

1. e4 e5 2. Nf3 Nc6 3. Bc4 Bc5 4. c3 Nf6 5. d4 exd4 6. e5 d5 7. Be2 Ne4 8. cxd4
Bb4+ 9. Bd2 Bxd2+ 10. Nbxd2 O-O 11. O-O f6 12. h3 Be6 13. Nb3 fxe5 14. dxe5 Qe7
15. Bb5 Ng5 16. Nxg5 Qxg5 17. Qd2 Qxd2 18. Nxd2 Nxe5 19. Rae1 Bd7 20. Rxe5 Bxb5
21. Rfe1 Rae8 22. Nf3 Rxe5 23. Rxe5 Bc6 24. Nd4 Kf7 25. f4 Re8 26. Kf2 Rxe5 27.
fxe5 Bd7 28. b4 b6 29. g4 g6 30. b5 Be8 31. Ke3 Ke7 32. Kf4 h6 33. h4 Bd7 34.
g5 h5 35. e6 Bxe6 36. Ke5 Bf7 37. Nc6+ Kd7 38. Nxa7 d4 39. Kxd4 Bxa2 40. Ke5 Ke7
1/2-1/2

[Event "Mistrzostwa Polski Juniorow do lat 18 - Dziewczeta"]
[Site "Ustron – Jaszowiec"]
[Date "1899-12-30"]
[Round "6.10"]
[White "Przepiora, Anna"]
[Black "Daliga, Anita"]
[Result "1/2-1/2"]
[WhiteTitle "II+"]
[BlackTitle "I+"]
[WhiteElo "1354"]
[BlackElo "1543"]

1. e4 c6 2. d4 d5 3. Nc3 dxe4 4. Nxe4 Bf5 5. Ng3 Bg6 6. h4 h6 7. h5 Bh7 8. Nf3
Nd7 9. Bd3 Bxd3 10. Qxd3 Qc7 11. Bd2 e6 12. O-O-O Ngf6 13. Ne4 O-O-O 14. c4 Nxe4
15. Qxe4 Nf6 16. Qe2 Bd6 17. g3 c5 18. Bc3 cxd4 19. Nxd4 a6 20. Kb1 Rhe8 21. Rh4
Bc5 22. b4 Bxd4 23. Rhxd4 Rxd4 24. Rxd4 e5 25. Rd1 Qe7 26. c5 Qe6 27. Rd6 Qf5+
28. Kb2 Ne4 29. Rd1 Qxf2 30. Qxf2 Nxf2 31. Rf1 Ne4 32. Rxf7 Nxg3 33. Rxg7 Nxh5
34. Rg6 e4 35. Rxh6 Nf4 36. Rh8 Rxh8 37. Bxh8 Nd3+ 38. Kc3 Kd7 39. Bd4 Kc6 40.
Kc4 Nf4 41. a4 Ng2 42. b5+ axb5+ 43. axb5+ Kd7 44. Bg1 Nf4 45. c6+ 1/2-1/2

[Event "Mistrzostwa Polski Juniorow do lat 18 - Dziewczeta"]
[Site "Ustron – Jaszowiec"]
[Date "1899-12-30"]
[Round "6.11"]
[White "Topolan, Agata"]
[Black "Kalinowska, Karolina"]
[Result "1-0"]
[WhiteTitle "k+"]
[BlackTitle "I"]
[WhiteElo "1934"]
[BlackElo "1525"]

1. c4 e6 2. g3 d5 3. Bg2 Nf6 4. Nf3 Be7 5. O-O O-O 6. d4 Nbd7 7. Nbd2 c6 8. Rb1
b6 9. b4 Ba6 10. b5 Bb7 11. e3 c5 12. Ne5 Qc7 13. Bb2 cxd4 14. exd4 dxc4 15. Bxb7
Qxb7 16. Nc6 Nd5 17. Nxe7+ Nxe7 18. Ba3 Nf6 19. Nxc4 Rfd8 20. Ne5 Nf5 21. Nc6
Nxd4 22. Nxd4 e5 23. Qf3 e4 24. Qc3 Qd5 25. Nc6 Re8 26. Ne7+ 1-0

[Event "Mistrzostwa Polski Juniorow do lat 18 - Dziewczeta"]
[Site "Ustron – Jaszowiec"]
[Date "1899-12-30"]
[Round "6.12"]
[White "Posuniak, Weronika"]
[Black "Pedrak, Paulina"]
[Result "1/2-1/2"]
[WhiteTitle "I++"]
[BlackTitle "I"]
[WhiteElo "1803"]
[BlackElo "1466"]

1. d4 d5 2. c4 e6 3. Nc3 Nf6 4. cxd5 exd5 5. Bg5 c6 6. Qc2 Be6 7. e3 Bd6 8. Bd3
Nbd7 9. Nf3 h6 10. Bh4 Rc8 11. O-O Qc7 12. Bf5 O-O 13. Rab1 Rfe8 14. Bxe6 fxe6
15. Bg3 Bxg3 16. hxg3 e5 17. Qf5 e4 18. Nh4 Nf8 19. g4 Qd7 20. g5 hxg5 21. Qxg5
Qg4 22. Qxg4 Nxg4 23. Nf5 Re6 24. b4 Nd7 25. Na4 Rf8 26. Ng3 Ref6 27. Rb2 Rg6
28. Nh5 Rh6 29. Nf4 g5 30. Nh3 Rhf6 31. Re2 Rf5 32. Nc5 Nxc5 33. bxc5 b6 34. cxb6
axb6 35. Rc1 R8f6 36. Rec2 c5 37. dxc5 bxc5 38. Rxc5 Nxf2 39. Nxf2 Rxf2 40. Rxd5
Rxa2 41. Rxg5+ Kf7 42. Rc4 Re6 43. Rg4 Ra1+ 44. Kf2 Ra2+ 45. Kg3 Re2 46. Rcxe4
Rxe3+ 47. Rxe3 Rxe3+ 48. Kh4 Re5 49. Rb4 Kg6 50. Rb6+ Kg7 51. g4 Kh7 52. Rb4 Kg6
53. Rb8 Kg7 54. Rb6 Rd5 55. Re6 Rc5 56. Re4 Kg6 57. Rd4 Re5 58. Rd8 Kg7 59. Kg3
Re4 60. Rd6 Rc4 61. Rd5 Kg6 62. Kh4 Rf4 63. Rd6+ Kg7 64. Kh5 Rf7 65. Rd5 Kh7 66.
Rd8 Kg7 67. g5 Re7 68. Rd6 Rf7 69. Rg6+ Kh7 70. Rf6 Re7 71. Rc6 Kg7 72. Kg4 Rf7
73. Kh5 Re7 74. Rb6 Rd7 75. Rg6+ Kh7 76. Re6 Kg7 77. Rb6 Re7 78. Rb5 Rf7 79. Kg4
Kg6 80. Rb6+ Kg7 81. Rc6 Rf1 82. Rc7+ Kg6 83. Rc6+ Kg7 84. Rc4 Kg6 85. Ra4 Rg1+
86. Kh4 Rh1+ 1/2-1/2